书目信息 |
| 题名: |
古书疑义举例五种
|
|
| 作者: | 俞樾 著 | |
| 分册: | ||
| 出版信息: | 北京 中华书局 1956.01 |
|
| 页数: | 300页 | |
| 开本: | 19cm | |
| 丛书名: | ||
| 单 册: | ||
| 中图分类: | H141 | |
| 科图分类: | ||
| 主题词: | 汉语--语法 | |
| 电子资源: | ||
| ISBN: | ||
| 000 | 00505nam0 2200193 45 | |
| 001 | 0404251133 | |
| 005 | 20060413092825.18 | |
| 010 | @dCNY1.10 | |
| 091 | @a9018.26 | |
| 100 | @a20040425d1956 km y0chiy0120 ea | |
| 101 | 0 | @achi |
| 200 | 1 | @a古书疑义举例五种@AGu Shu Yi Yi Ju Li Wu Zhong@f俞樾等著@FYu Yue Deng Zhu |
| 210 | @a北京@c中华书局@d1956.01 | |
| 215 | @a300页@d19cm | |
| 606 | 0 | @a汉语@x语法 |
| 690 | @aH141@v3 | |
| 701 | 0 | @a俞樾@Ayu yue@4著 |
| 801 | @aCN@bPftUser@c20060413 | |
| 905 | @dH141@e101 | |
| 古书疑义举例五种/俞樾等著.-北京:中华书局,1956.01 |
| 300页;19cm |
| ISBN :CNY1.10 |
| ● |
| 相关链接 |
|
|
|
|
正题名:古书疑义举例五种
索取号:H141/101
 
预约/预借
| 序号 | 登录号 | 条形码 | 馆藏地/架位号 | 状态 | 备注 |
| 1 | 0163878 | 000848257 | 第四借阅区/ [索取号:H141/101] | 在馆 | |
| 2 | 0163879 | 000848177 | 第四借阅区/ [索取号:H141/101] | 在馆 | |
| 3 | 0163880 | 000848293 | 第二样本阅览室/ [索取号:H141/101] | 在馆 | |
| 4 | 0169794 | 202251106 | 密集书库/ [索取号:H141/101] | 在馆 | |
| 5 | 0169795 | 202251142 | 密集书库/ [索取号:H141/101] | 在馆 | |
| 6 | 0169796 | 000848417 | 第四借阅区/ [索取号:H141/101] | 在馆 | |
| 7 | 0169797 | 000848373 | 第四借阅区/ [索取号:H141/101] | 在馆 | |
| 8 | 0169798 | 202251188 | 密集书库/ [索取号:H141/101] | 在馆 | |
| 9 | 0227473 | 000287656 | 第四借阅区/ [索取号:H141/101] | 在馆 | |
| 10 | 0227474 | 000848337 | 第四借阅区/ [索取号:H141/101] | 在馆 |